000 01126nam a22003257a 4500
003 CHAP
005 20220329135840.0
008 971013s1973 mx r 00010 spa d
010 _a43242
011 _a44214
035 _a48352
040 _cCHAP
082 0 4 _a354.72
_bM48 1973
110 1 _aMéxico. Secretaría de la Presidencia. Dirección General de Estudios Administrativos
_977196
245 1 _aBases para el programa de reformas administrativas del Poder Ejecutivo Federal, 1971-1976
250 _a2 ed.
260 _as.l. :
_bLa Secretaría,
_c1973
300 _a173 p
590 _aBATCH-UPD
_b10
_c20130110
_lUCH01
_h1702
590 _aBATCH-UPD
_b10
_c20130410
_lUCH01
_h1049
590 _aBATCH-UPD
_b10
_c20130914
_lUCH01
_h1545
590 _aBATCH-UPD
_b10
_c20161124
_lUCH01
_h1710
590 _aCONVERSION
_b10
_c20130109
_lUCH01
_h1324
650 1 4 _aGobierno federal.
_948406
650 1 4 _aOficinas gubernamentales
_xMéxico.
_982814
651 4 _aMéxico
_xPolítica y gobierno.
_976783
901 _aBK
942 _cLIBRO
949 _a354.72 M48 1973
_bBC
_cLIBRO
_d33724000377644
_eLIBRO
_h38083
_i48352
_mD
_si
999 _c43242
_d43242